000 00300nam a2200109Ia 4500
008 190906s9999||||xx |||||||||||||| ||und||
100 _aTehmina Durrani
245 0 _aAbdul Sattar Edhi : An Autobiography A Mirror To The Blind
260 _aNew York
_bAddison -Wesley
_c2001
300 _a380
942 _cBK
999 _c5926
_d5926